| 000 | 00827cam a22002655a 4500 | ||
|---|---|---|---|
| 001 | 18971169 | ||
| 005 | 20171010141858.0 | ||
| 008 | 160210t2016 flua frb 001 0 eng d | ||
| 020 | _a9781482214161 | ||
| 020 | _a1482214164 | ||
| 040 |
_aDLC _beng _cDLC _dDLC _dEG-ScBUE |
||
| 082 | 0 | 4 |
_222 _a615.778 _bCOS |
| 245 | 0 | 0 |
_aCosmeceuticals and active cosmetics / _cedited by Raja K. Sivamani ... [et al.] |
| 250 | _a3rd ed. | ||
| 260 |
_aBoca Raton : _bCRC Press / Taylor & Francis Group, _cc.2016. |
||
| 300 |
_axii, 458 p. : _bill. ; _c24 cm |
||
| 504 | _aIncludes bibliographical references and index. | ||
| 650 | 7 |
_aDermatologic agents. _2BUEsh |
|
| 650 | 7 |
_aCosmetics. _2BUEsh |
|
| 651 | _2BUEsh | ||
| 653 |
_bPPhrm _cOctober2017 |
||
| 655 |
_vText book _933728 |
||
| 700 | 1 |
_aSivamani, Raja K., _eeditor. |
|
| 942 | _2ddc | ||
| 999 |
_c25473 _d25445 |
||